Sports Quiz

Random Sports or NBA Quiz

Profile: Chicago Bulls Quiz Stats

 Plays Quiz not verified by Sporcle

Support Sporcle.
Go Orange.
Score 0/17 Timer 06:00
0 Plays Today
Hint Answer % Correct
ConferenceEastern
93.9%
All-Time Points LeaderMichael Jordan
93.9%
All-Time Assists LeaderMichael Jordan
93.9%
All-Time Rebounds LeaderMichael Jordan
93.9%
All-Time Points Per Game LeaderMichael Jordan
93.9%
# Of Championships Won6
90.9%
# Of Conference Titles Won6
90.9%
Year Established1966
81.8%
# Of Division Titles Won9
81.8%
Hint Answer % Correct
DivisionCentral
72.7%
All-Time Rebounds Per Game LeaderDennis Rodman
72.7%
Home ArenaUnited Center
69.7%
Head CoachJim Boylen
39.4%
PresidentMichael Reinsdorf
33.3%
OwnerJerry Reinsdorf
33.3%
General ManagerGar Forman
27.3%
All-Time Assists Per Game LeaderEnnis Whatley
9.1%

You're not logged in!

Compare scores with friends on all Sporcle quizzes.
OR
Log In

From the Vault

Katy Perry or Lady Gaga?

by chocolatematt

Which is the one who wears outrageous outfits and performs catchy pop songs?
Remove Ads.
Support Sporcle.
Get the best of Sporcle when you Go Orange. This ad-free experience offers more features, more stats, and more fun while also helping to support Sporcle. Thank you for becoming a member.

Show Comments

Extras

Top Quizzes Today


Score Distribution

Your Account Isn't Verified!

In order to create a playlist on Sporcle, you need to verify the email address you used during registration. Go to your Sporcle Settings to finish the process.

Report this User

Report this user for behavior that violates our Community Guidelines.

Details: